| 000 | 00342cam a22001097a 4500 | ||
|---|---|---|---|
| 008 | 180718b1974 xxu||||| |||| 00| 0 eng d | ||
| 082 | _aT39 In2re | ||
| 245 |
_aSeminar on export promotion _cby Indian Investment Centre, India |
||
| 260 |
_aNew Delhi _bIndian Investment Centre _c1974 |
||
| 300 | _a144p. | ||
| 700 | _aIndia.Indian Investment Centre | ||
| 999 |
_c497872 _d497872 |
||